Sports Quiz

Random Sports or World Quiz
Score 0/11 Timer 06:00
0 Plays Today
% Correct
John Cena (c-WHC) vs. Randy Orton (c-WWE) (Tables, Ladders and Chairs)
100%
Alberto Del Rio (c) vs. Jack Swagger (WrestleMania 29)
87.5%
Alberto Del Rio (c) vs. Big Show (Royal Rumble)
83.3%
Alberto Del Rio (c) vs. Big Show (Elimination Chamber)
83.3%
Dolph Ziggler (c) vs. Alberto Del Rio (Payback)
83.3%
Alberto Del Rio (c) vs. Dolph Ziggler (Money in the Bank)
83.3%
Alberto Del Rio (c) vs. Christian (SummerSlam)
83.3%
Alberto Del Rio (c) vs. Rob Van Dam (Night of Champions)
83.3%
Alberto Del Rio (c) vs. Rob Van Dam (Battleground)
83.3%
Alberto Del Rio (c) vs. John Cena (Hell in a Cell)
83.3%
John Cena (c) vs. Alberto Del Rio (Survivor Series)
83.3%
Remove Ads.
Support Sporcle.
Get the best of Sporcle when you Go Orange. This ad-free experience offers more features, more stats, and more fun while also helping to support Sporcle. Thank you for becoming a member.

You're not logged in!

Compare scores with friends on all Sporcle quizzes.
OR
Log In

Show Comments

Extras

Top Quizzes Today


Score Distribution

Your Account Isn't Verified!

In order to create a playlist on Sporcle, you need to verify the email address you used during registration. Go to your Sporcle Settings to finish the process.

Report this User

Report this user for behavior that violates our Community Guidelines.

Details: